00561nam a2200157 a 4500008004100000020001500041050001500056100001500071245001300086260002600099350000900125650002600134995009600160999001700256952013000273120416s1996 ||||||||||||||||| || u a0340645962 aQA 300 Kop aKopp, P. E10aAnalysis aLondon:bArnoldc1996 a0.00 aMATHEMATICAL ANALYSIS D0.00FCBU-MAIN LIBRARY (Kitwe)H1I12.95M1UAVAILABLEZMain Library Open Access Collection c34195d34195 00102lcc4070a001b001cMain Library Open Access Collectiond2022-11-30l0oQA 300 Kopp45776r2022-11-30w2022-11-30y002